[Event "HCL-T255"]
[Site "www.playchess.de"]
[Date "2006.02.01"]
[Round "17"]
[White "taroak"]
[Black "gsmaior"]
[WhiteElo "1458"]
[BlackElo "1975"]
[PlyCount "76"]
[Result "0-1"]

1.e4 e5 2.Nf3 Nc6 3.Bb5 a6 {greetings from Brazil, 
Rio de Janeiro, a nice game to you !}  4.Ba4 {Good 
Luck to you too.}  Nf6 5.d4 exd4 6.e5 Ne4 7.O-O 
Be7 8.Nxd4 Nxd4 9.Qxd4 Nc5 10.Nc3 O-O 11.Bb3 Nxb3 
12.axb3 d6 13.Bf4 dxe5 14.Qxe5 Bd6 15.Qe3 Re8 
16.Qg3 Bf5 17.Bxd6 Qxd6 18.Qxd6 cxd6 19.Rad1 Bxc2 
20.Rxd6 Bxb3 21.Rb6 Bc4 22.Ra1 Re7 23.f3 Rd8 
24.Kf2 f5 25.Ra5 Rd2+ 26.Kg3 g6 27.Rc5 Bf1 28.Nd5 
Rxg2+ 29.Kf4 g5+ 30.Kxf5 Bd3+ 31.Kf6 Rf7+ 32.Ke6 
Re2+ 33.Kd6 Rxh2 34.Rc8+ Kg7 35.Rb3 Rd2 36.Rbc3 
Bg6 37.R8c7 Rxc7 38.Rxc7+ Bf7 0-1

[Event "HCL-A2527"]
[Site "www.playchess.de"]
[Date "2006.02.01"]
[Round "9"]
[White "taroak"]
[Black "Matu"]
[WhiteElo "1458"]
[BlackElo "1535"]
[PlyCount "60"]
[Result "0-1"]

1.d4 Nf6 2.Nf3 e6 3.c3 d5 4.Bg5 Be7 5.Bxf6 Bxf6 
6.Nbd2 Nd7 7.e4 dxe4 8.Nxe4 O-O 9.Bd3 g6 10.O-O 
Bg7 11.a4 b6 12.Qe2 Bb7 13.b4 Rc8 14.a5 c5 15.axb6 
axb6 16.Ra7 cxb4 17.Rxb7 bxc3 18.Rc1 e5 19.d5 Nc5 
20.Nxc5 Rxc5 21.Bb5 Qxd5 22.Rd7 Qb3 23.Bd3 f5 
24.Bc2 Qc4 25.Qxc4+ Rxc4 26.Bb3 Rfc8 27.Bxc4+ Rxc4 
28.Ng5 Bh6 29.Nxh7 Bxc1 30.Nf6+ 
Kf8 0-1

[Event "HCL-C3952"]
[Site "www.playchess.de"]
[Date "2006.02.01"]
[Round "23"]
[White "JerryReneau"]
[Black "Idris"]
[WhiteElo "1117"]
[BlackElo "885"]
[PlyCount "69"]
[Result "1-0"]

1.d4 d5 2.e3 Nc6 3.c4 b6 4.Nf3 Bb7 5.Nc3 e6 6.a3 
Be7 7.Bd3 Nf6 8.O-O Qd7 9.b4 dxc4 10.Bxc4 O-O 
11.e4 Ng4 12.d5 exd5 13.Bxd5 Bf6 14.Bb2 Qd6 15.Nb5 
Nce5 16.Nxd6 cxd6 17.Bxb7 Nxf3+ 18.gxf3 Rab8 
19.Bxf6 Nxf6 20.Bc6 Rfd8 21.Qd4 a6 22.Rad1 Ne8 
23.Bxe8 Rdxe8 24.Qxd6 Rbd8 25.Qxb6 Rdb8 26.Qxa6 
Rba8 27.Qd3 Rad8 28.Qb3 Rda8 29.Rd7 Re6 30.Rfd1 g6 
31.Rb7 Rae8 32.Rdd7 Rf6 33.Rdxf7 Rxf7 34.Qxf7+ Kh8 
35.Qxh7+ 1-0

[Event "HCL-E1535"]
[Site "www.playchess.de"]
[Date "2006.02.01"]
[Round "4"]
[White "temple"]
[Black "Matu"]
[WhiteElo "1727"]
[BlackElo "1457"]
[PlyCount "56"]
[Result "0-1"]

1.d4 {Hello again.}  Nf6 {hello again}  2.c4 e6 
3.Nf3 d5 4.e3 a6 5.a3 dxc4 6.Bxc4 b5 7.Bd3 Bb7 
8.Nc3 Nbd7 9.O-O Be7 10.e4 c5 11.Qe2 O-O 12.Rd1 
Qc7 13.d5 exd5 14.exd5 Rfe8 15.Qc2 g6 16.Be2 Nb6 
17.Bg5 Nfxd5 18.Nxd5 Nxd5 19.Rac1 Bxg5 20.Nxg5 Qe5 
21.Ne4 Qxe4 22.Qxe4 Rxe4 23.Bf3 Rd4 24.Rxd4 cxd4 
25.Rc5 Rd8 26.Kf1 d3 27.Ke1 f5 28.Kd2 
Kf7 0-1

[Event "HCL-E1535"]
[Site "www.playchess.de"]
[Date "2006.02.01"]
[Round "3"]
[White "Matu"]
[Black "temple"]
[WhiteElo "1457"]
[BlackElo "1727"]
[PlyCount "57"]
[Result "1-0"]

1.Nf3 Nf6 2.b3 g6 3.Bb2 Bg7 4.g3 O-O 5.Bg2 d5 
6.O-O c5 7.e3 Nc6 8.d4 cxd4 9.Nxd4 e6 10.Nd2 Qc7 
11.a3 a6 12.c4 Nxd4 13.Bxd4 dxc4 14.Nxc4 Bd7 
15.Rc1 Bb5 16.a4 Bxc4 17.Rxc4 Qd7 18.Bxf6 Qxd1 
19.Rxd1 Bxf6 20.Bxb7 Rab8 21.Bxa6 Rxb3 22.Bb5 Ra3 
23.Rc7 Ra1 24.Rxa1 Bxa1 25.a5 Ra8 26.a6 Be5 27.Rd7 
Bb8 28.Rd8+ Kg7 29.a7 1-0

[Event "HCL-A2564"]
[Site "www.playchess.de"]
[Date "2006.02.01"]
[Round "28"]
[White "froilo"]
[Black "PhilipKaveny"]
[WhiteElo "1414"]
[BlackElo "1379"]
[PlyCount "97"]
[Result "1/2-1/2"]

1.Nf3 g6 2.e4 d6 3.d4 Bg7 4.Be3 Nf6 5.Bd3 O-O 
6.O-O Nc6 7.a3 Ng4 8.Qe2 Nxe3 9.Qxe3 e5 10.d5 Ne7 
11.Nbd2 f5 12.c4 f4 13.Qe2 Bg4 14.h3 Bh5 15.g4 
fxg3 16.fxg3 Bxf3 17.Nxf3 c6 18.Ng5 Qd7 19.Ne6 
Rxf1+ 20.Rxf1 cxd5 21.exd5 Re8 22.Qf3 Nc8 23.b3 a6 
24.h4 Rxe6 25.dxe6 Qxe6 26.Qxb7 h6 27.Qxa6 e4 
28.Bxe4 Bd4+ 29.Kh2 Ne7 30.Qa8+ Kh7 31.Qf8 Bg7 
32.Rf7 Nf5 33.Bxf5 Qe2+ {(offering draw)}  34.Kh3 
{want to try some more moves}  Qf1+ {Sure I don't 
deserve a draw but I think I can force one. :)}  
35.Kg4 Qe2+ 36.Kf4 Qd2+ 37.Ke4 gxf5+ 38.Kxf5 Qf2+ 
39.Ke6 Qe3+ 40.Kd7 Qa7+ 41.Kc6 Qa6+ 42.Kd5 Qa5+ 
43.Ke4 Qe1+ 44.Kf3 Qh1+ 45.Kg4 Qd1+ {(offering 
draw)}  46.Kf4 Qf1+ 47.Ke3 Qe1+ 48.Kf3 Qf1+ 49.Ke3 
{(offering draw) ok, well done} 
 1/2-1/2

[Event "HCL-A2560"]
[Site "www.playchess.de"]
[Date "2006.02.01"]
[Round "9"]
[White "RUDI"]
[Black "scaper"]
[WhiteElo "1246"]
[BlackElo "1437"]
[PlyCount "78"]
[Result "0-1"]

1.d4 {hi, ich dachte Du freust Dich über eine 
Revanche-Partie}  d5 {du dachtest nicht ... 
natürlich finde ich das äußerst erfreulich! Mal 
sehen, wie es dieses mal läuft! ich freue mich 
drauf!}  2.Nf3 Nf6 3.Nbd2 e6 4.e3 c5 5.Bb5+ Bd7 
6.Bxd7+ Nbxd7 7.O-O cxd4 8.exd4 Rc8 9.c3 Bd6 10.g3 
O-O 11.b4 Rxc3 12.Bb2 Rc7 13.a3 a6 14.Re1 h6 
15.Ne5 Qc8 16.Rc1 Rd8 17.Rxc7 Bxc7 18.Qe2 Qb8 
19.Nxd7 Rxd7 20.Bc1 Bd6 21.Nf3 Rc7 22.Ne5 Bxe5 
23.Qxe5 Qd8 24.Bf4 Rc2 25.Qe3 Ne4 26.Rf1 Rc3 
27.Qe1 Rxa3 {wenn du spass verstehst, was ich 
hoffe, denke ich, das Bäuerchen war mein 
Mittagessen, die Vorspeise ...; mal schauen was es 
gleidh in der mensa sonst noch alles gibt, bis 
später!}  28.Qc1 {Nein, mit so was macht man 
keinen Spaß, da musst Du schon ernst bleiben, so 
geht`s nun wirklich nicht, als Ausgleich für den 
emotionellen Schaden verlange ich als nächsten Zug 
von Dir Dame d8 auf a5. Das ist das Mindeste!}  
Rc3 {endlich mal jemand der besser drauf ist! also 
ich parke jetzt erstmal meinen gesättigten turm 
zwecks ungestörten verdauenkönnens (besseres 
unwort als entlassungsrentabilität) auf c4 und 
dann überlege ich wie ich die dame vielleicht auf 
a5 bekomme .}  29.Qd1 {der Bauer auf b4 hat 
Hunger}  Qb6 {der bauer bei der dame nur hat 
lachen wenn er versteht ihr den hof zu machen; das 
wollen die mädels halt nun mal so und verstehen 
sich vortrefflich darauf}  30.Re1 {kannst nicht 
lesen? a5!}  Qxb4 {das würde sie mir nie 
verzeihen!}  31.Bxh6 gxh6 32.Qg4+ {Pantoffelheld}  
Kh7 {eine empfehlenswerte schuhmode? frauen 
stellen sich ja bekanntlich alles vor ..., das ist 
ja das eigentlich schöne an allem!}  33.Rxe4 Qb1+ 
34.Kg2 Qxe4+ {so jetzt verlassen wir mal die 
mädels von der schachfläche, gegen halb eins gehe 
ich dann wieder essen, aber ich denke mal, die 
dicksten häppchen hier sind getätigt. war richtig 
nett hier; meldest du dich ineinem anderen turnier 
wieder an, sag bitte besch}  35.Qxe4+ {na, diesmal 
hab ich Dir es aber einfach gemacht - war das 
Mitleide wegen des ersten Mals?... Wir sehen uns 
wieder keine Frage!}  dxe4 {und da freue ich mich 
auch schon richtig drauf! ich werde mit d4 bzw.c5 
nach deinem möglichen e4 beginnen. augenblicklich 
weile ich noch in B ... wo steckst du?}  36.Kf1 
{momentan in A}  Rd3 {dann passt es leider noch 
nicht, ich werde zwar ein Turnier wieder gewinnen 
können, aber wann dort die letzten Spiele beendet 
sind ..., das kann sich noch hinziehen. Ich darf 
da gelegentlich über Deine Seite gehen und 
nachstöbern?}  37.Ke2 {wenn Du was zum Ablachen 
brauchst, gerne. sonst auf wellness92.de, ist auch 
interessant}  Rxd4 {werde ich gleich mal 
reinschauen, danke!}  38.Ke3 Rc4 39.f4 
a5 0-1

[Event "HCL-A2564"]
[Site "www.playchess.de"]
[Date "2006.02.01"]
[Round "21"]
[White "RUDI"]
[Black "froilo"]
[WhiteElo "1282"]
[BlackElo "1414"]
[PlyCount "69"]
[Result "0-1"]

1.d4 {Hello!}  Nf6 {hello}  2.Nf3 e6 3.Bg5 Be7 
4.e3 O-O 5.Bd3 b6 6.O-O Bb7 7.Nbd2 d6 8.Bxf6 Bxf6 
9.b3 Nd7 10.c4 c5 11.Bc2 Qc7 12.dxc5 Bxa1 13.Qxa1 
Qxc5 14.Be4 Bxe4 15.Nxe4 Qc7 16.Rd1 Ne5 17.Rxd6 
Nxf3+ 18.gxf3 f5 19.Qd4 fxe4 20.f4 Rad8 21.Rxd8 
Rxd8 22.Qxe4 Rd1+ 23.Kg2 Qf7 24.Qa8+ Qf8 25.Qxa7 
Qf5 26.Qb8+ Kf7 27.Qc7+ Kf6 28.Qe5+ Qxe5 29.fxe5+ 
Kxe5 30.Kf3 Rd2 31.a3 Rb2 32.b4 Rb3 33.c5 bxc5 
34.bxc5 Rxa3 35.c6 0-1

[Event "HCL-C4072"]
[Site "www.playchess.de"]
[Date "2006.02.01"]
[Round "9"]
[White "JerryReneau"]
[Black "HoshiX"]
[WhiteElo "1079"]
[BlackElo "361"]
[PlyCount "29"]
[Result "1-0"]

1.d4 d5 2.e3 e6 3.c4 c6 4.c5 b5 5.Nf3 Nf6 6.Bd3 
Na6 7.O-O g6 8.Ne5 Bb7 9.a4 bxa4 10.Qxa4 h5 
11.Bxa6 Qc8 12.Bxb7 Qxb7 13.Nxc6 a6 14.Na5+ Qd7 
15.Qxd7+ 1-0

[Event "HCL-B3770"]
[Site "www.playchess.de"]
[Date "2006.02.01"]
[Round "9"]
[White "GMO"]
[Black "arsenio"]
[WhiteElo "1366"]
[BlackElo "1116"]
[PlyCount "75"]
[Result "1-0"]

1.e4 e6 2.d4 d5 3.e5 c5 4.dxc5 Nc6 5.Nf3 Bxc5 
6.Bb5 Bd7 7.O-O Nge7 8.h3 a6 9.Bxc6 bxc6 10.Re1 
Ng6 11.a3 O-O 12.b4 Ba7 13.Nc3 f6 14.exf6 Qxf6 
15.Qd2 Nh4 16.Nxh4 Qxh4 17.Rf1 d4 18.Nd1 e5 19.Qg5 
Qxg5 20.Bxg5 Rf5 21.Bh4 Rh5 22.Bg3 Bf5 23.c3 dxc3 
24.Nxc3 Rd8 25.Bxe5 g6 26.h4 Bd3 27.Rfe1 Rxh4 
28.Bg3 Rg4 29.Kh2 Bd4 30.Rac1 Bf5 31.Ne2 Ba7 
32.Rxc6 Bd3 33.Rd1 Re8 34.Rxd3 Rxe2 35.Rd8+ Kg7 
36.Rc7+ Kh6 37.Rxa7 Re6 38.Rda8 1-0

[Event "HCL-C4094"]
[Site "www.playchess.de"]
[Date "2006.02.01"]
[Round "3"]
[White "Henri"]
[Black "DavidFields"]
[WhiteElo "824"]
[BlackElo "1165"]
[PlyCount "60"]
[Result "0-1"]

1.e4 {Bonjour et Bonne Partie}  c5 {bonjour from 
Texas, USA}  2.Bc4 Nc6 3.Nf3 e6 4.O-O d5 5.exd5 
exd5 6.Bb3 Nf6 7.Nc3 c4 8.Ba4 Bd7 9.d3 Qa5 10.b3 
Qxc3 11.Bd2 Qb2 12.bxc4 dxc4 13.Qe1+ Be7 14.Bc3 
Qb6 15.dxc4 Be6 16.Bb3 a5 17.a4 O-O 18.Nd4 Nxd4 
19.Rb1 Nxb3 20.cxb3 Bb4 21.Bd2 Rae8 22.Bxb4 axb4 
23.Qc1 Ne4 24.Ra1 Red8 25.a5 Qc5 26.Qf4 f5 27.Ra2 
Rd3 28.a6 Nc3 29.Re2 Nxe2+ {sorry}  30.Kh1 {Bien 
jouéééééééé !!!}  Nxf4 0-1

[Event "HCL-C4112"]
[Site "www.playchess.de"]
[Date "2006.02.01"]
[Round "5"]
[White "Skipper_Robert"]
[Black "Henri"]
[WhiteElo "1001"]
[BlackElo "797"]
[PlyCount "91"]
[Result "1-0"]

1.Nf3 d5 {Bonjour et Bonne Partie}  2.d4 {Hallo 
aus Berlin}  Bf5 3.e3 e6 4.Be2 Nc6 5.Bd2 Bd6 6.c4 
dxc4 7.Bxc4 Qd7 8.O-O O-O-O 9.a3 Nf6 10.b4 e5 
11.Bxf7 Qxf7 12.Nc3 e4 13.Ng5 Qg6 14.f4 h6 15.Qa4 
Bd7 16.Nb5 a6 17.Nxd6+ cxd6 18.b5 Ne7 19.Rfc1+ Kb8 
20.Rab1 Qe8 21.Qb4 axb5 22.Qxd6+ Ka8 23.Ne6 Bxe6 
24.Qxe6 Nfd5 25.Qxe4 g5 26.a4 b4 27.Bxb4 Nxb4 
28.Rxb4 Rd7 29.a5 Qb8 30.Qe6 Rc7 31.Rcb1 Nc6 
32.Qb3 Nxb4 33.Qxb4 Re8 34.Qd2 Rg8 35.d5 Rd7 36.e4 
gxf4 37.Qd4 f3 38.a6 fxg2 39.axb7+ Rxb7 40.Ra1+ 
Ra7 41.e5 Rf8 42.Kxg2 Rg8+ 43.Kh3 Qc7 44.d6 Qd7+ 
45.Kh4 Qe7+ 46.dxe7 1-0

[Event "HCL-B3778"]
[Site "www.playchess.de"]
[Date "2006.02.01"]
[Round "7"]
[White "foinaven"]
[Black "arsenius"]
[WhiteElo "1600"]
[BlackElo "864"]
[PlyCount "59"]
[Result "1-0"]

1.d4 {Hi arseenius - good luck.}  e6 2.c4 Bb4+ 
3.Bd2 Bxd2+ 4.Qxd2 b6 5.Nc3 Bb7 6.f3 Nh6 7.e4 f5 
8.Bd3 O-O 9.Nge2 Nf7 10.O-O fxe4 11.fxe4 Ng5 
12.Bc2 Nxe4 13.Qd3 Nf6 14.Ng3 Nc6 15.Nce4 Nxe4 
16.Qxe4 g6 17.a3 Na5 18.Qd3 d5 19.b3 dxc4 20.bxc4 
e5 21.d5 Qd6 22.Ne4 Qd8 23.a4 Qh4 24.Qc3 Qh5 25.c5 
Rxf1+ 26.Rxf1 Bxd5 27.Nf6+ Kg7 28.Nxh5+ Kh6 
29.Qxe5 gxh5 30.Qf6+ 1-0

[Event "HCL-T255"]
[Site "www.playchess.de"]
[Date "2006.02.01"]
[Round "10"]
[White "abebebikila"]
[Black "leobor"]
[WhiteElo "1724"]
[BlackElo "2077"]
[PlyCount "72"]
[Result "0-1"]

1.e4 e5 2.Nf3 Nc6 3.Bb5 a6 4.Ba4 {hi good luck}  
Nf6 5.O-O Be7 6.Re1 b5 7.Bb3 O-O 8.c3 d5 9.exd5 
Nxd5 10.Nxe5 Nxe5 11.Rxe5 c6 12.d4 Bd6 13.Re1 Qh4 
14.g3 Qh3 15.Be3 Bg4 16.Qd3 f5 17.f4 Rae8 18.Nd2 
Kh8 19.Bxd5 cxd5 20.Qf1 Qh5 21.a4 bxa4 22.Rxa4 g5 
23.Raa1 Re6 24.fxg5 Rxe3 25.Rxe3 f4 26.Qxa6 fxe3 
27.Qxd6 Qe8 28.Ne4 dxe4 29.Rf1 Rf3 30.Re1 Bh3 
31.Qh6 Qd7 32.Ra1 {quite interesting, this 
game...}  Qa4 33.Re1 Qc2 34.Qxh3 Qf2+ 35.Kh1 Qxe1+ 
36.Qf1 {good game!}  Qxf1+ 0-1

[Event "HCL-B3773"]
[Site "www.playchess.de"]
[Date "2006.02.01"]
[Round "2"]
[White "sonnyspock"]
[Black "spongebobby"]
[WhiteElo "1138"]
[BlackElo "1304"]
[PlyCount "54"]
[Result "0-1"]

1.e4 e5 2.Nf3 Nc6 3.Bb5 a6 4.Ba4 Bc5 5.O-O Nf6 
6.Re1 O-O 7.d3 d5 8.h3 dxe4 9.dxe4 Qxd1 10.Rxd1 
Nxe4 11.Bxc6 Bxf2+ 12.Kf1 bxc6 13.Nxe5 Bb7 14.Nd2 
Nxd2+ 15.Bxd2 Bd4 16.Nd3 c5 17.c3 Bf6 18.Rde1 Rad8 
19.Nxc5 Bxg2+ 20.Kxg2 Rxd2+ 21.Kf1 a5 22.Nb3 Rxb2 
23.Nxa5 Bxc3 24.Rec1 Bxa5 25.Rc5 Bb6 26.Rd5 Rf2+ 
27.Ke1 Re8+ 0-1

[Event "HCL-C4093"]
[Site "www.playchess.de"]
[Date "2006.02.01"]
[Round "1"]
[White "surak"]
[Black "dsnguyen"]
[WhiteElo "1133"]
[BlackElo "800"]
[PlyCount "40"]
[Result "0-1"]

1.e4 e5 2.Nf3 Nc6 3.Bb5 a6 4.Ba4 Nf6 5.O-O b5 
6.Bb3 Be7 7.d3 O-O 8.c3 d5 9.Bg5 dxe4 10.dxe4 Bb7 
11.Nbd2 Ng4 12.Bxe7 Qxe7 13.h3 Nf6 14.Bc2 Rad8 
15.Re1 Rd6 16.Qe2 Rfd8 17.Nb3 Nh5 18.Nbd2 Nf4 
19.Qe3 Rg6 20.Kh2 Nxg2 0-1

[Event "HCL-A2537"]
[Site "www.playchess.de"]
[Date "2006.02.01"]
[Round "19"]
[White "slavi"]
[Black "Marius_sah"]
[WhiteElo "1558"]
[BlackElo "1453"]
[PlyCount "62"]
[Result "0-1"]

1.e4 e5 {Hi. Good luck!}  2.Nf3 Nc6 3.Bb5 a6 4.Ba4 
Nf6 5.O-O b5 6.Bb3 Be7 7.Re1 O-O 8.c3 d5 9.exd5 
Nxd5 10.Nxe5 Nxe5 11.Rxe5 c6 12.d4 Bd6 13.Re1 Qh4 
14.g3 Qh3 15.Qf3 Bg4 16.Qg2 Qh5 17.Bxd5 cxd5 
18.Nd2 Rae8 19.Rxe8 Rxe8 20.f3 Re1+ 21.Kf2 Bh3 
22.Qxh3 Qxh3 23.Kxe1 Qxh2 24.Nf1 Bxg3+ 25.Nxg3 
Qxg3+ 26.Ke2 Qg2+ 27.Ke3 Qg1+ 28.Ke2 h5 29.b3 h4 
30.a4 bxa4 31.bxa4 h3 0-1

[Event "HCL-E1527"]
[Site "www.playchess.de"]
[Date "2006.02.01"]
[Round "7"]
[White "baggur"]
[Black "superulf"]
[WhiteElo "1660"]
[BlackElo "1461"]
[PlyCount "125"]
[Result "1/2-1/2"]

1.e4 {Greetings from Reykjavik, 
Iceland
}  e5 {Hello from Rostock, Germany}  2.Nf3 Nc6 
3.Bb5 a6 4.Ba4 Nf6 5.O-O Bc5 6.c3 Nxe4 7.d4 exd4 
8.cxd4 Ba7 9.d5 b5 10.Bc2 Bxf2+ 11.Rxf2 Nxf2 
12.Kxf2 Nb4 13.Be4 Bb7 14.Nc3 c6 15.d6 O-O 16.a3 
Nd5 17.Nxd5 cxd5 18.Bxd5 Re8 19.Bxb7 Qb6+ 20.Qd4 
Qxb7 21.Bd2 Re4 22.Qd3 Rae8 23.Re1 f5 24.Ng5 R4xe1 
25.Bxe1 Qb6+ 26.Kf1 Qc5 27.Bc3 Re3 28.Qc2 Qxd6 
29.Qb3+ Re6 30.Nxe6 dxe6 31.Bb4 Qf4+ 32.Ke2 Qg4+ 
33.Qf3 Qc4+ 34.Kf2 Qd4+ 35.Kg3 Qxb2 36.Qa8+ Kf7 
37.Qf8+ Kg6 38.Qe8+ Kf6 39.Be7+ Ke5 40.Qb8+ Ke4 
41.Qf4+ Kd3 42.Kf3 Qe2+ 43.Kg3 Qe3+ 44.Qxe3+ Kxe3 
45.Bc5+ Ke4 46.Kf2 a5 47.Ke2 Kd5 48.Bb6 b4 49.Bxa5 
bxa3 50.Kd3 a2 51.Bc3 e5 52.Kc2 e4 53.Bxg7 f4 
54.Kd2 h5 55.h3 h4 56.Bf6 Kc4 57.Kc2 f3 58.gxf3 
exf3 59.Kd2 Kd5 {(offering draw)}  60.Ke3 f2 
{(offering draw)}  61.Kxf2 Ke4 62.Bg7 Kf4 63.Bc3 
{(offering draw)}  1/2-1/2

[Event "HCL-C3917"]
[Site "www.playchess.de"]
[Date "2006.02.01"]
[Round "2"]
[White "schachsky"]
[Black "Wilmy"]
[WhiteElo "1184"]
[BlackElo "1267"]
[PlyCount "75"]
[Result "1-0"]

1.e4 {Schöne Partie zugewünscht!}  e5 {Grüße aus 
Berlin, und eine schöne Partie, die wünsche ich 
Ihnen auch!
Wilm}  2.Nf3 {Danke schön; lass uns beiden Mal 
versuchen was daraus zu machen -:)}  Nc6 {Gerne! 
Wir machen's einfach!}  3.d4 {... oder nicht; zum 
Glück gibts nicht so viele Möglichkeiten .... -:)} 
 exd4 4.Nxd4 Nf6 {- stimmt, beim Zahlenlotto gibt 
es immer viel mehr Möglichkeiten, aber auch nur 
immer eine einizge wirklich günstige.}  5.Nc3 
{-:)}  Bb4 6.Nxc6 bxc6 7.Bd3 Qe7 8.Qe2 Qc5 9.Bd2 
d6 10.O-O Be6 11.Na4 Qa5 12.Bxb4 Qxb4 13.b3 O-O 
14.c3 Qb8 15.c4 Qb4 16.f3 Rfb8 17.Nb2 a5 18.a3 
Qxb3 19.Rfb1 Qc3 20.Nd1 Qd4+ 21.Nf2 Nh5 22.Rxb8+ 
Rxb8 23.Rd1 Nf4 24.Qc2 Rb2 25.Bf1 {sss ... wieder 
nicht gesehen; aber vieleicht ist dies noch eine 
Möglichkeit ....}  Qb6 26.c5 Qb8 27.Qc1 
{Glückliches neues Jahr!}  Ng6 {Vor allem 
Gesundheit und Glück in Liebe und Spiel!}  28.Nd3 
{Da stimme Ich zu!}  Rb7 29.cxd6 cxd6 30.Qxc6 Ne7 
31.Qa6 Qa7+ 32.Qxa7 {nicht viel Auswahl -:)}  Rxa7 
{genau!}  33.Rb1 Nc6 34.Nf4 Bd7 35.Bb5 Rb7 36.a4 
Nd4 37.Bd3 Rc7 38.Nd5 1-0

[Event "HCL-A2563"]
[Site "www.playchess.de"]
[Date "2006.02.01"]
[Round "2"]
[White "Andy1"]
[Black "farov"]
[WhiteElo "1475"]
[BlackElo "1700"]
[PlyCount "61"]
[Result "1-0"]

1.e4 e6 2.e5 d5 3.exd6 Bxd6 4.d4 Nf6 5.Nf3 O-O 
6.Bd3 b6 7.O-O Bb7 8.c4 c5 9.dxc5 Bxc5 10.Nc3 a6 
11.Qe2 Nh5 12.Rd1 Qf6 13.Ne4 Qe7 14.Bg5 f6 15.Nxc5 
bxc5 16.Be3 e5 17.g4 e4 18.Bxc5 Qxc5 19.Bxe4 Nf4 
20.Qc2 Nh3+ 21.Kg2 Bxe4 22.Qxe4 Qxf2+ 23.Kxh3 f5 
24.gxf5 Ra7 25.Rd2 Qc5 26.Qd5+ Qxd5 27.Rxd5 Raf7 
28.Nd4 R7f6 29.c5 Nc6 30.Nxc6 Rxc6 
31.b4 1-0

[Event "HCL-E1539"]
[Site "www.playchess.de"]
[Date "2006.02.01"]
[Round "11"]
[White "ippuli"]
[Black "mrchess"]
[WhiteElo "1614"]
[BlackElo "1437"]
[PlyCount "67"]
[Result "1-0"]

1.e4 {Hi! Good luck..}  c5 {same to you}  2.d4 
cxd4 3.c3 dxc3 4.Bc4 cxb2 5.Bxb2 d6 6.Nf3 e6 7.O-O 
Nf6 8.Re1 Nc6 9.Nc3 Be7 10.a3 O-O 11.Qc2 Qc7 12.e5 
dxe5 13.Ne4 Nd7 14.Neg5 g6 15.Nxe6 {Argh!!}  fxe6 
16.Bxe6+ Kg7 17.Nxe5 Bf6 18.Bxd7 Bxd7 19.Rad1 Bf5 
20.Qc5 Rac8 21.Nxc6 bxc6 22.Re7+ {Oijoi... Wrong 
move!!}  Qxe7 23.Qxe7+ Kh6 24.Bc1+ g5 25.Qc5 Bg6 
26.h4 Bh5 27.hxg5+ Kg6 28.Qc2+ Kg7 29.Rd7+ Rf7 
30.gxf6+ Kxf6 31.Bb2+ Ke6 32.Rxf7 Bxf7 33.Qe4+ Kd7 
34.Qf5+ 1-0

[Event "HCL-A2456"]
[Site "www.playchess.de"]
[Date "2006.02.01"]
[Round "5"]
[White "saemi"]
[Black "seisan"]
[WhiteElo "1621"]
[BlackElo "1424"]
[PlyCount "75"]
[Result "1/2-1/2"]

1.e4 {Hello from Iceland}  c5 {Hello from India}  
2.Nf3 d6 3.d4 cxd4 4.Nxd4 a6 5.Nc3 e5 6.Nb3 Be6 
7.f4 exf4 8.Bxf4 Nc6 9.Bd3 Nf6 10.O-O Ne5 11.a3 
Be7 12.Nd4 O-O 13.Nf5 Bxf5 14.exf5 Qb6+ 15.Kh1 
Qxb2 16.Qd2 Rac8 17.Na4 Qd4 18.Qb4 Qxb4 19.axb4 
Nxd3 20.cxd3 b5 21.Nb2 Rc2 22.Nd1 Nd5 23.Ne3 Nxe3 
24.Bxe3 Bf6 25.Rxa6 d5 26.Bc5 Re8 27.g3 h5 28.Rf2 
Re1+ 29.Kg2 Rcc1 30.Rb6 Rcd1 31.Rxb5 Rxd3 32.Rb8+ 
Kh7 33.b5 Rb3 34.Rd2 Reb1 35.b6 d4 36.Bxd4 Bxd4 
37.Rxd4 R3xb6 38.Rxb6 {(offering draw)} 
 1/2-1/2

[Event "HCL-E1540"]
[Site "www.playchess.de"]
[Date "2006.02.01"]
[Round "9"]
[White "carlosmadeira"]
[Black "tuGGy"]
[WhiteElo "1536"]
[BlackElo "1522"]
[PlyCount "63"]
[Result "1-0"]

1.e4 d5 2.exd5 Nf6 3.Nf3 Nxd5 4.c4 Nb6 5.d4 Bg4 
6.c5 Nd5 7.Qb3 Bxf3 8.Qxb7 Ne3 9.Qxf3 Nc2+ 10.Kd1 
Nxa1 11.Qxa8 Qxd4+ 12.Nd2 Qd8 13.Bb5+ c6 14.Bxc6+ 
Nxc6 15.Qxc6+ Qd7 16.Qxd7+ Kxd7 17.b3 e6 18.b4 a5 
19.Bb2 axb4 20.Bxa1 Bxc5 21.Ne4 Be7 22.Ke2 Ra8 
23.Rd1+ Ke8 24.Bxg7 Rxa2+ 25.Kf3 f5 26.Nd6+ Bxd6 
27.Rxd6 Ra7 28.Rxe6+ Kf7 29.Bd4 Rd7 30.Rf6+ Ke7 
31.Be5 Rd3+ 32.Ke2 1-0

[Event "HCL-E1548"]
[Site "www.playchess.de"]
[Date "2006.02.01"]
[Round "9"]
[White "carlosmadeira"]
[Black "Eishockeytorwart"]
[WhiteElo "1550"]
[BlackElo "1979"]
[PlyCount "74"]
[Result "1/2-1/2"]

1.d4 d5 {welcome from germany}  2.c4 {good luck}  
dxc4 3.e3 e5 4.Bxc4 exd4 5.exd4 Nd7 6.Nf3 Nb6 
7.Bb3 Nf6 8.O-O Be7 9.Nc3 O-O 10.Bf4 Nfd5 11.Nxd5 
Nxd5 12.Bxd5 Qxd5 13.Bxc7 Bg4 14.Bf4 Rac8 15.Be3 
Rfd8 16.h3 Bxf3 17.Qxf3 Qxf3 18.gxf3 Rc2 19.Rab1 
Bd6 20.Rfc1 Rdc8 21.Kg2 f6 22.Rcd1 Re2 23.Rd2 Rxd2 
24.Bxd2 Kf7 25.Rc1 Rxc1 26.Bxc1 Ke6 27.Be3 Kd5 
28.Kf1 f5 29.f4 a5 30.Ke2 a4 31.Kd3 Bb4 32.f3 Ba5 
33.Bf2 {(offering draw)}  Bc7 34.Be3 b5 35.Bd2 Bb6 
36.Bc3 Bc7 37.Bd2 Bb6 {(offering draw)} 
 1/2-1/2

[Event "HCL-B3861"]
[Site "www.playchess.de"]
[Date "2006.02.01"]
[Round "3"]
[White "GMO"]
[Black "inveterate"]
[WhiteElo "1331"]
[BlackElo "1200"]
[PlyCount "33"]
[Result "1-0"]

1.d4 f5 2.Bf4 e6 3.e3 Nf6 4.Bd3 b6 5.Nf3 Bb7 6.h3 
Be7 7.O-O O-O 8.a3 Kh8 9.Nc3 a6 10.Re1 Ne4 11.Ne2 
d6 12.Nd2 Ng5 13.Ng3 Nd7 14.Nf3 Nxf3+ 15.gxf3 g5 
16.Bxg5 Bxg5 17.f4 1-0

[Event "HCL-C3985"]
[Site "www.playchess.de"]
[Date "2006.02.01"]
[Round "30"]
[White "Milosforman"]
[Black "Regicide"]
[WhiteElo "1006"]
[BlackElo "958"]
[PlyCount "43"]
[Result "1-0"]

1.d4 d5 2.Nf3 f6 3.c3 Bd7 4.e3 e6 5.Bd3 Nc6 6.b4 
e5 7.dxe5 fxe5 8.e4 Be6 9.Ba3 Qf6 10.b5 Na5 
11.Bxf8 Kxf8 12.Qa4 b6 13.h3 Ne7 14.O-O Qg6 
15.exd5 Qxd3 16.Rd1 Qf5 17.dxe6 g5 18.Qb4 c5 
19.Qg4 Qc2 20.Nbd2 Rd8 21.Qxg5 h6 
22.Qf6+ 1-0

[Event "HCL-B3861"]
[Site "www.playchess.de"]
[Date "2006.02.01"]
[Round "2"]
[White "inveterate"]
[Black "evets"]
[WhiteElo "1200"]
[BlackElo "1392"]
[PlyCount "32"]
[Result "0-1"]

1.b3 d5 2.Bb2 c5 3.e3 Nc6 4.Nf3 Bg4 5.Be2 Bxf3 
6.Bxf3 e6 7.d3 Nf6 8.Nd2 Bd6 9.c4 d4 10.Bxc6+ bxc6 
11.exd4 cxd4 12.Bxd4 O-O 13.Qf3 Bb4 14.Bxf6 Bxd2+ 
15.Kxd2 Qxf6 16.Qxf6 {tough endgame, drawish}  
gxf6 0-1

[Event "HCL-C3985"]
[Site "www.playchess.de"]
[Date "2006.02.01"]
[Round "21"]
[White "Idris"]
[Black "Grunert"]
[WhiteElo "895"]
[BlackElo "929"]
[PlyCount "50"]
[Result "0-1"]

1.e4 {Hello}  e5 {hello again}  2.Nf3 d6 3.Bd3 Nc6 
4.Nc3 b6 5.b3 Bb7 6.Ba3 Nf6 7.Nd5 Nxd5 8.O-O Nf4 
9.g3 Nxd3 10.cxd3 Qd7 11.Re1 O-O-O 12.Rc1 Be7 
13.d4 exd4 14.d3 d5 15.exd5 Bxa3 16.Rxc6 Bxc6 
17.dxc6 Qxc6 18.Nxd4 Rxd4 19.Qd2 Bb4 20.Qe3 Bxe1 
21.Qxe1 Rxd3 22.Qe2 Rc3 23.Qg4+ Kb7 24.h4 Rc1+ 
25.Kh2 Qh1+ 0-1

[Event "HCL-B3821"]
[Site "www.playchess.de"]
[Date "2006.02.01"]
[Round "5"]
[White "scotty4u"]
[Black "tusnelda"]
[WhiteElo "1336"]
[BlackElo "1182"]
[PlyCount "52"]
[Result "0-1"]

1.e4 e5 2.Bc4 Bc5 3.Qh5 Qe7 4.d3 Qf6 5.Nf3 Nc6 
6.O-O Nh6 7.Bg5 Qg6 8.Qxg6 hxg6 9.Nbd2 f6 10.Bxh6 
gxh6 11.a3 d6 12.c3 Bg4 13.b4 Bb6 14.a4 a6 15.b5 
Ne7 16.h3 Bd7 17.a5 Ba7 18.bxa6 bxa6 19.Rab1 g5 
20.d4 Ng6 21.Bxa6 h5 22.d5 g4 23.hxg4 hxg4 24.Nh2 
g3 25.Ng4 gxf2+ 26.Rxf2 Bxg4 0-1